| 000 | 00452nam a2200181 a 4500 | ||
|---|---|---|---|
| 001 | 1760612383910 | ||
| 003 | ACL | ||
| 005 | 20251016163316.0 | ||
| 008 | 251016s2008##################000#0#eng## | ||
| 020 | _a9780070139589 | ||
| 082 | 0 | 4 |
_a658.4092 _bKAS |
| 100 | 1 |
_aKase, Larina, _eauthor. |
|
| 245 | 1 | 0 | _aThe Confident Leader : |
| 260 |
_bTata McGraw-Hill Education, _c2008. |
||
| 650 | 0 | _aLeadership. | |
| 942 | _cENGLISH | ||
| 040 |
_aACL _beng _cACL |
||
| 999 |
_c591975 _d591975 |
||